Japan design

Saved in:
Bibliografiske detaljer
Main Authors: Dietz, Matthias (Author), Mönninger, Michael (Author)
Format: Bog
Sprog:tysk
fransk
engelsk
Udgivet: Colonia Taschen 1992
Fag:
Tags: Tilføj Tag
Ingen Tags, Vær først til at tagge denne postø!

MARC

LEADER 00000nam a2200000 a 4500
001 UCV9914
003 CL-VaPUC
008 930723e19920000GW |||||||||||||||||ger|d
041 0 7 |a ger  |2 CL-VaPUC 
041 0 7 |a fre  |2 CL-VaPUC 
041 0 7 |a eng  |2 CL-VaPUC 
082 0 4 |a 745.2  |b DIE  |2 21 
100 0 |a Dietz, Matthias  |e author  |9 303900 
700 0 |a Mönninger, Michael  |e author  |9 303901 
245 1 0 |a Japan design 
300 |a 176 p 
942 |c BK 
945 |d 19930723 00:00:00 
260 |a Colonia  |b Taschen  |c 1992 
650 0 |a Diseño  |9 260483 
651 0 |a Japón   |9 260391 
583 |a last modification  |c 19930723 00:00:00  |k Rodrigo Vera 
999 |c 215185  |d 215183 
952 |0 0  |1 0  |4 0  |6 745_200000000000000_DIE_1992  |7 0  |8 A  |9 199210  |a BIBARQ  |b BIBARQ  |d 2019-11-14  |i 266531K  |o 745.2 DIE 1992  |p 266531K  |r 2025-01-20  |w 2019-11-14  |y BK  |k ARQ